000 01030nam a2200241Ia 4500
003 GCL
005 20240530105441.0
008 140319s9999 xx 000 0 ara d
040 _aGCL /
_cGCL
082 0 4 _a210/
_bم ك
100 1 _aالمتقى الهندى، علام الدين على بن حسام بن عبدالملك بن قاضى خان
245 1 0 _aكنز العمال فى سنن الاقوال والافعال /
_cعلاء الدين على المتقى بن حسام الدين الهندى ؛ ضبطة وفسر غربية بكرى حيانى ؛ صححة ووضع فهارسة ومفتاحه صفوة السقا
260 _aبيروت :
_bمؤسسة الرسالة ،
_c1989
300 _aمتعدد الترقيم
650 0 4 _aالاسلام
650 0 4 _aالعبادات
650 0 4 _aالمعاملات
700 0 _aبكرى حياتى
_eمفسر
700 0 _aصفوة السقا
_eمصحح
700 1 _aنديم المرعشلى
700 1 _aاسامة المرعشلى
942 _2ddc
_cBK
999 _c56169
_d56169